[Event "It (open)"]
[Site "masterchessopen.com Zalakaros (Hungary)"]
[Round "6"]
[White "Rat Dan Ovidiu (ROM)"]
[Black "Okhotnik Vladimir (FRA)"]
[Result "0-1"]
[WhiteElo "2366"]
[BlackElo "2510"]

1.d4 g6 2.c4 Nf6 3.Nc3 d5 4.Bf4 Bg7 5.e3 c5 6.dxc5 Qa5 7.Qa4+ Qxa4 8.Nxa4 Bd7
9.Nc3 Ne4 10.Nxd5 Na6 11.f3 Nexc5 12.Rb1 e6 13.Nc7+ Nxc7 14.Bxc7 Na4 15.Bd6
Nxb2 16.Ba3 Na4 17.Rxb7 Bf8 18.Bxf8 Rxf8 19.Ne2 Ke7 20.Nd4 Nc5 21.Rb1 Rab8
22.Nb3 a5 23.Kd1 Ba4 24.Be2 Rb4 25.Kd2 Bxb3 26.axb3 Nxb3+ 27.Kc3 Rfb8 28.Rb2
Nd4 29.Ra2 Nf5 30.Rc1 Nxe3 31.Rxa5 Rb3+ 32.Kd2 Rd8+ 33.Ke1 Nxg2+ 34.Kf2 Rb2
35.Kxg2 Rxe2+ 36.Kg3 Rdd2 37.Ra7+ Kf6 38.c5 Rg2+ {#R} 0-1

[Event "It (open)"]
[Site "masterchessopen.com Crema (Italy)"]
[Date "2000.09.17"]
[Round "6"]
[White "Epitome Nando (ITA)"]
[Black "Righini Giovanni"]
[Result "0-1"]
[WhiteElo "1622"]
[BlackElo "1755"]

1.d4 Nf6 2.c4 g6 3.Nc3 d5 4.Bf4 Bg7 5.e3 c5 6.Nf3 Nc6 7.Rc1 O-O 8.cxd5 Nxd5
9.Nxd5 Qxd5 10.Rxc5 Qxa2 11.Qd2 Rd8 12.Be5 Nxe5 13.Nxe5 Bxe5 14.Rxe5 Qa1+
15.Ke2 b6 16.f3 e6 17.g3 Bb7 18.Bg2 Qa4 19.Rc1 Rac8 20.Rc3 Rxc3 21.bxc3 Rc8
22.Qb2 Qc4+ 23.Kd2 Bd5 24.e4 f6 25.Rxd5 exd5 26.Bh3 Rc7 27.Be6+ Kg7 28.Bxd5
Qf1 29.f4 Qg2+ 30.Kc1 Qg1+ 31.Kc2 Qxh2+ 32.Kb3 Qxg3 33.Qd2 a5 34.e5 fxe5
35.fxe5 b5 36.Kb2 a4 37.e6 a3+ 38.Kb3 a2 39.Kxa2 Qxc3 40.Qf4 Ra7+ {#R} 0-1

[Event "It (open)"]
[Site "masterchessopen.com Baunatal (Germany)"]
[Round "2"]
[White "Meins Gerlef (GER)"]
[Black "Schnegelsberg Karl-H (GER)"]
[Result "1-0"]
[WhiteElo "2404"]
[BlackElo "2108"]

1.d4 Nf6 2.c4 g6 3.Nc3 d5 4.Bf4 Bg7 5.e3 Nh5 6.Bg5 h6 7.Bh4 c5 8.dxc5 Qa5
9.Rc1 dxc4 10.Bxc4 Nc6 11.Nf3 Qxc5 12.O-O Qxc4 13.Nd5 Qxf1+ 14.Kxf1 O-O
15.Nxe7+ Nxe7 16.Bxe7 Re8 17.Ba3 Bf5 18.Nd4 Be4 19.f3 Bd5 20.Nf5 Rad8 21.Nd6
Bc6 22.Qb3 Re6 23.g4 Nf6 24.e4 Nh7 25.Rxc6 bxc6 26.Nxf7 Kxf7 27.f4 Re8 28.f5
Ng5 29.fxe6+ Rxe6 30.Qb7+ Kg8 31.Bc5 Rf6+ 32.Kg2 Nxe4 33.Bd4 Rf7 34.Qc8+ Kh7
35.Bxg7 Kxg7 36.Qxc6 Rf2+ 37.Kg1 Rf4 38.Qc7+ Rf7 39.Qe5+ Nf6 40.h3 Kf8 41.b4
Kg7 42.b5 Rd7 43.a4 Kf7 44.a5 Re7 45.Qb8 g5 46.b6 axb6 47.axb6 Nd7 48.Qb7 {#r}
1-0

[Event "Bayern Landesliga South 2000/01"]
[Site "masterchessopen.com Bayern (Germany)"]
[Round "6"]
[White "Keller Marcus"]
[Black "Wuerdinger Alexander (GER)"]
[Result "1-0"]
[WhiteElo "2070"]
[BlackElo "2107"]

1.d4 Nf6 2.c4 g6 3.Nc3 d5 4.Bf4 Bg7 5.e3 c5 6.dxc5 Qa5 7.cxd5 Nxd5 8.Qxd5
Bxc3+ 9.bxc3 Qxc3+ 10.Ke2 Nc6 11.Rd1 Be6 12.Qd2 Qxc5 13.Qb2 O-O 14.Rc1 Qa5
15.a3 Rfd8 16.Qc3 Qh5+ 17.f3 Rac8 18.Kf2 b5 19.g4 Qd5 20.e4 Qa2+ 21.Rc2 Qb1
22.Qb2 Qd1 23.Be2 Qd7 24.Rd2 Qe8 25.Qxb5 Bd7 26.Qb2 e5 27.Be3 f5 28.gxf5 gxf5
29.Bg5 fxe4 30.Bc4+ Kg7 31.fxe4 Qf8+ 32.Ke1 Qc5 33.Ba2 Nd4 34.Bxd8 Rxd8
35.Rxd4 exd4 36.Ne2 Bc6 37.Rg1+ Kh8 38.Rg4 Qe5 39.Qb3 Qe8 40.Nxd4 h5 41.Ne6
Rd7 42.Qc3+ Kh7 43.Rg7+ {#r} 1-0

[Event "Ch Belgium (team) 2001/02"]
[Site "masterchessopen.com Belgium"]
[Round "2"]
[White "Kadimova Ilaha (AZE)"]
[Black "Lavrenov Yuli (BEL)"]
[Result "0-1"]
[WhiteElo "2372"]
[BlackElo "2126"]

1.d4 Nf6 2.c4 g6 3.Nc3 d5 4.Bf4 Bg7 5.e3 c5 6.dxc5 Qa5 7.Rc1 Ne4 8.cxd5 Nxc3
9.Qd2 Qxa2 10.bxc3 Qa5 11.Nf3 Qxc5 12.e4 Nd7 13.Be3 Qc7 14.Bd4 O-O 15.Bxg7
Kxg7 16.h4 Nc5 17.Qe3 h5 18.Bc4 b6 19.Qd4+ f6 20.O-O Bg4 21.Nd2 a6 22.Rfe1 e5
23.dxe6 Rfd8 24.Bd5 Nxe6 25.Qe3 Nf4 26.Bxa8 Rd3 27.f3 Rxe3 28.Rxe3 Qc5 29.Re1
Be6 30.Kh1 Qc8 31.g3 Qd8 32.gxf4 Qxa8 33.Nf1 a5 34.Ng3 {#R} 0-1

[Event "Ch Slovenia (team)"]
[Site "masterchessopen.com Bled (Slovenia)"]
[Round "7"]
[White "Atalik Suat (BIH)"]
[Black "Perus Danilo (SLO)"]
[Result "1-0"]
[WhiteElo "2527"]
[BlackElo "2309"]

1.d4 Nf6 2.c4 g6 3.Nc3 d5 4.Bf4 Bg7 5.e3 c5 6.dxc5 Qa5 7.Qa4+ Qxa4 8.Nxa4 Bd7
9.Nc3 dxc4 10.Bxc4 Bc6 11.Nf3 Nbd7 12.Ne5 Nxe5 13.Bxe5 Bxg2 14.Rg1 Bf3 15.Bb5+
Kf8 16.Rg3 Bh5 17.e4 Bh6 18.Rd3 Kg7 19.Rd7 Rhc8 20.Rxe7 Rxc5 21.Bd4 Rg5 22.f4
Rg2 23.Nd5 {#r} 1-0

[Event "Ch Hungary (juniors) (under 20)"]
[Site "masterchessopen.com Budapest (Hungary)"]
[Round "5"]
[White "Biro David (HUN)"]
[Black "Szeberenyi Adam (HUN)"]
[Result "0-1"]
[WhiteElo "2243"]
[BlackElo "2365"]

1.d4 Nf6 2.c4 g6 3.Nc3 d5 4.Bf4 Bg7 5.e3 c5 6.dxc5 Qa5 7.Qb3 Nc6 8.Qb5 Be6
9.Rd1 O-O-O 10.Nf3 dxc4 11.Rxd8+ Rxd8 12.Bxc4 Nd5 13.Qxa5 Nxa5 14.Bxd5 Bxc3+
15.bxc3 Bxd5 16.O-O Bxf3 17.gxf3 Rd2 18.Ra1 Rc2 19.e4 Rxc3 20.Bd2 Rxc5 21.Bb4
Rg5+ 22.Kf1 Nc6 23.Rc1 Kd7 24.Bc5 b6 25.Be3 Ra5 26.Ra1 Ke6 27.Rc1 Ne5 28.f4
Ng4 29.Rc2 Nxh2+ 30.Kg2 Ng4 31.Bd2 Rc5 32.Rb2 Nf6 33.f3 Nh5 34.Kf2 f5 35.Bb4
Rc4 36.exf5+ Kxf5 37.Bxe7 Nxf4 38.Rd2 h5 39.Kg3 g5 40.Rb2 Rd4 {#R} 0-1

[Event "It (cat.2)"]
[Site "masterchessopen.com Budapest (Hungary)"]
[Round "11"]
[White "Sinkovics Peter (HUN)"]
[Black "Borisek Jure (SLO)"]
[Result "0-1"]
[WhiteElo "2302"]
[BlackElo "2321"]

1.d4 Nf6 2.c4 g6 3.Nc3 d5 4.Bf4 Bg7 5.e3 c5 6.dxc5 Qa5 7.Qa4+ Qxa4 8.Nxa4 Bd7
9.Nc3 Ne4 10.Rc1 Bxc3+ 11.bxc3 dxc4 12.Bxc4 Nc6 13.Nf3 Nxc5 14.Ne5 Nxe5
15.Bxe5 f6 16.Bg3 e5 17.O-O Ke7 18.Bd5 Rac8 19.c4 Rhd8 20.f4 e4 21.Be1 Be6
22.Bxe6 Kxe6 23.Rb1 b6 24.f5+ gxf5 25.Bc3 Nd3 26.Bd4 Rxc4 27.Rb5 f4 28.Ba1 f3
29.gxf3 Rg8+ {#R} 0-1

[Event "Tournament (Elo)"]
[Site "masterchessopen.com Budapest (Hungary)"]
[Round "5"]
[White "Kiss Peter (HUN)"]
[Black "Coleman James (ENG)"]
[Result "0-1"]
[WhiteElo "2162"]
[BlackElo "2137"]

1.d4 Nf6 2.c4 g6 3.Nc3 d5 4.Bf4 Bg7 5.e3 c5 6.dxc5 Qa5 7.cxd5 Nxd5 8.Rc1 Nxc3
9.Qd2 Qxa2 10.bxc3 Qxd2+ 11.Kxd2 O-O 12.Nf3 Rd8+ 13.Ke1 Rd5 14.c4 Rxc5 15.Bd3
Nc6 16.Nd2 Nb4 17.Be4 Be6 18.Ke2 Na2 19.Rc2 Nc3+ 20.Kf3 Nxe4 21.Nxe4 Rxc4 {#R}
0-1

[Event "It (open)"]
[Site "masterchessopen.com Ditzingen (Germany)"]
[Round "5"]
[White "Lausen Berthold (GER)"]
[Black "Juhasz Laszlo (HUN)"]
[Result "0-1"]
[WhiteElo "2051"]
[BlackElo "2197"]

1.d4 Nf6 2.c4 g6 3.Nc3 d5 4.Bf4 Bg7 5.e3 c6 6.h3 O-O 7.Nf3 c5 8.dxc5 Qa5 9.Qa4
Qxa4 10.Nxa4 Ne4 11.Rc1 Bd7 12.Nc3 Nxc3 13.bxc3 dxc4 14.Bxc4 Bc6 15.Ke2 Nd7
16.Rhd1 Nxc5 17.Bd5 Ba4 18.Rd2 Rac8 19.Be5 e6 20.Bd6 exd5 21.Bxf8 Kxf8 22.Rxd5
b6 23.Nd4 Ke7 24.f3 Ne6 25.Kd2 Bf6 26.c4 Nc7 {#R} 0-1

[Event "Oberliga Northwest 2000/01"]
[Site "masterchessopen.com Germany"]
[Round "4"]
[White "Sadewasser Axel (GER)"]
[Black "Nimtz Manfred Dr (GER)"]
[Result "1-0"]
[WhiteElo "2209"]
[BlackElo "2227"]

1.d4 Nf6 2.c4 g6 3.Nc3 d5 4.Bf4 Bg7 5.e3 c5 6.dxc5 Qa5 7.Rc1 Ne4 8.cxd5 Nxc3
9.Qd2 Qxa2 10.bxc3 Qa5 11.Bc4 Qxc5 12.Ba2 O-O 13.Nf3 Nd7 14.O-O b5 15.e4 Bb7
16.Be3 Qd6 17.c4 bxc4 18.Bxc4 Nb6 19.Bb5 Rfc8 20.Nd4 e6 21.Nc6 Bxc6 22.Bxc6
Rab8 23.Qa5 exd5 24.exd5 Rd8 25.Qxa7 Nc8 26.Qa5 Ne7 27.Bb6 Rdc8 28.Ba7 Rb3
29.Bc5 Qe5 30.Ba4 Rb2 31.d6 Bh6 32.dxe7 Bxc1 33.Qd8+ {#r} 1-0

[Event "Ch Ireland"]
[Site "masterchessopen.com Greystones (Ireland)"]
[Round "7"]
[White "McMahon Daire (IRL)"]
[Black "Collins Sam E (IRL)"]
[Result "0-1"]
[WhiteElo "2232"]
[BlackElo "2261"]

1.d4 Nf6 2.c4 g6 3.Nc3 d5 4.Bf4 Bg7 5.e3 c5 6.dxc5 Qa5 7.cxd5 Nxd5 8.Qxd5
Bxc3+ 9.bxc3 Qxc3+ 10.Ke2 Bg4+ 11.Nf3 Qb2+ 12.Kd3 Nc6 13.Be5 Nxe5+ 14.Qxe5
O-O-O+ 15.Ke4 Bxf3+ 16.gxf3 Qb4+ 17.Qd4 Rxd4+ 18.exd4 e5 19.Bh3+ f5+ 20.Kxe5
Qd2 21.Rad1 Re8+ 22.Kd5 Qe2 {#R} 0-1

[Event "Cup Glorney"]
[Site "masterchessopen.com Hyeres (France)"]
[Round "4"]
[White "Martyn Rafe (ENG)"]
[Black "Koster Ramon (NED)"]
[Result "0-1"]
[WhiteElo "2131"]
[BlackElo "2285"]

1.d4 Nf6 2.c4 g6 3.Nc3 d5 4.Bf4 Bg7 5.e3 c5 6.dxc5 Qa5 7.Rc1 dxc4 8.Bxc4 O-O
9.Ne2 Qxc5 10.Nb5 Qb4+ 11.Kf1 Na6 12.a3 Qa5 13.b4 Qd8 14.Nec3 Bd7 15.Ke2 Rc8
16.Qb3 Nh5 17.Bg5 h6 18.Bh4 Qe8 19.Nxa7 Ra8 20.Nab5 Kh8 21.f3 f5 22.Bf2 g5
23.a4 g4 24.Nd5 gxf3+ 25.gxf3 Nf6 26.Nbc7 Nxc7 27.Nxc7 Bxa4 28.Qb1 Qh5 29.b5
Ne4 30.Qb4 Ng5 31.Bd5 Bxb5+ 32.Qxb5 Ra2+ 33.Ke1 Nxf3+ 34.Bxf3 Qxf3 35.Rf1 Rxf2
36.Rxf2 Qxe3+ 37.Kd1 Rd8+ 38.Kc2 Qc3+ 39.Kb1 Qa1+ 40.Kc2 Qa2+ {#R} 0-1

[Event "Landesliga East 2001/02"]
[Site "masterchessopen.com Mecklenburg-Vorpommern (Germany)"]
[Round "1"]
[White "Pentzien Volker (GER)"]
[Black "Montag Ralf (GER)"]
[Result "1-0"]
[WhiteElo "1923"]
[BlackElo "2047"]

1.d4 Nf6 2.c4 g6 3.Nc3 d5 4.Bf4 Bg7 5.e3 c5 6.Bxb8 Rxb8 7.Qa4+ Bd7 8.Qxa7 cxd4
9.Qxd4 dxc4 10.Bxc4 b5 11.Bb3 O-O 12.Nf3 Qc7 13.Qe5 Qa7 14.O-O Bc6 15.Nd4 Qb7
16.Nxc6 Qxc6 17.Qxe7 b4 18.Na4 Rb7 19.Rac1 Qxc1 20.Qxb7 Rc8 21.Bxf7+ Kf8
22.Be6 Rc7 23.Qxb4+ Ke8 24.Nc3 Qd2 25.Qb8+ Qd8 26.Qxd8+ Kxd8 27.Rd1+ Ke7
28.Bd5 {#r} 1-0

[Event "Ch Belarus"]
[Site "masterchessopen.com Minsk (Belarus)"]
[Round "4"]
[White "Veremeichik Vladimir (BLR)"]
[Black "Zhigalko Andrey (BLR)"]
[Result "0-1"]
[WhiteElo "2361"]
[BlackElo "2369"]

1.d4 Nf6 2.c4 g6 3.Nc3 d5 4.Bf4 Bg7 5.e3 c5 6.dxc5 Qa5 7.Rc1 dxc4 8.Bxc4 O-O
9.Ne2 Qxc5 10.Qb3 Nc6 11.Nb5 Qh5 12.Ng3 Qh4 13.Nc7 e5 14.Bxe5 Nxe5 15.Nxa8 Bd7
16.Nc7 Rc8 17.Be2 Ne8 18.f4 Ng4 19.Qd1 Nxe3 20.Qxd7 Qxf4 21.Nf1 Nxg2+ 22.Kd1
Qh4 23.Qxc8 Qd4+ 24.Kc2 Qxb2+ 25.Kd3 Nf4+ 26.Ke4 Qe5+ 27.Kf3 Qxe2+ 28.Kg3 Nh5+
29.Kh3 Qf3+ {#R} 0-1

[Event "It (cat.5) (2)"]
[Site "masterchessopen.com Tula (Russia)"]
[Round "9"]
[White "Novikov Maxim (RUS)"]
[Black "Prokhorov Sergey An (RUS)"]
[Result "1-0"]
[WhiteElo "2427"]
[BlackElo "2310"]

1.d4 Nf6 2.c4 g6 3.Nc3 d5 4.Bf4 Bg7 5.e3 c5 6.dxc5 Qa5 7.cxd5 Nh5 8.Qa4+ Qxa4
9.Nxa4 Nxf4 10.exf4 O-O 11.Bb5 e6 12.d6 Bd7 13.Bxd7 Nxd7 14.Rc1 b5 15.c6 Rac8
16.Ne2 bxa4 17.O-O Nb6 18.Rfd1 Rfd8 19.c7 Rd7 20.Nc3 a3 21.b3 Bxc3 22.Rxc3 Nd5
23.Rc6 Nxf4 24.h3 Nd5 25.g4 Nb4 26.Rc5 Nxa2 27.Rd4 e5 28.Rxe5 Nc3 29.Rb4 a2
30.Ra5 Nd5 31.Rb8 Nb6 32.Rxa7 Rxd6 33.Rxa2 Rd7 34.b4 Kg7 35.Rxb6 Rcxc7 36.Rb2
Rc3 37.b5 Rxh3 38.Rc6 Rd4 39.b6 Rxg4+ 40.Kf1 Rh1+ 41.Ke2 Rf4 42.Rcc2 Re4+
43.Kf3 Rhh4 44.b7 Ref4+ 45.Ke2 Re4+ 46.Kf1 Rb4 47.b8=Q {#r} 1-0

[Event "It (open)"]
[Site "masterchessopen.com Valencia (Spain)"]
[Round "3"]
[White "Blasco Frasquet Raul (ESP)"]
[Black "Khamrakulov Ibragim S (ESP)"]
[Result "0-1"]
[WhiteElo "2101"]
[BlackElo "2488"]

1.d4 Nf6 2.c4 g6 3.Nc3 d5 4.Bf4 Bg7 5.e3 c5 6.dxc5 Qa5 7.Qa4+ Qxa4 8.Nxa4 O-O
9.Rc1 Bd7 10.Nc3 dxc4 11.Bxc4 Rc8 12.Nd5 Nxd5 13.Bxd5 Bc6 14.Bxc6 Nxc6 15.b3
Nb4 16.Rc4 b5 17.cxb6 axb6 18.Nf3 Rxc4 19.bxc4 Bc3+ 20.Kd1 Rxa2 21.Rf1 Nd3
22.Bg3 e5 23.Ng5 Rd2# 0-1

[Event "Ch Hungary (team) 2001/02 (2 liga)"]
[Site "masterchessopen.com Hungary"]
[Date "2001.12.02"]
[Round "4"]
[White "Biro David (HUN)"]
[Black "Dekic Josip (SRB)"]
[Result "0-1"]
[WhiteElo "2243"]
[BlackElo "2275"]

1.d4 Nf6 2.c4 g6 3.Nc3 d5 4.Bf4 Bg7 5.e3 c5 6.dxc5 Qa5 7.Qb3 Bd7 8.Rc1 dxc4
9.Bxc4 O-O 10.Nf3 Na6 11.Ne5 Nxc5 12.Bxf7+ Kh8 13.Qa3 Qxa3 14.bxa3 Nh5 15.Nxd7
Nxd7 16.Bb3 Rac8 17.Ne2 Rxc1+ 18.Nxc1 Nxf4 19.exf4 Rxf4 20.O-O Nc5 21.g3 Rd4
22.Bd1 Rd6 23.Nb3 Na4 24.Bf3 b6 25.Re1 Bf6 26.Re4 Nc3 27.Rc4 Nxa2 28.Kg2 Nc3
29.Rc8+ Kg7 30.h4 h5 31.Ra8 a5 32.Rc8 a4 {#R} 0-1

[Event "It \"]
[Site "masterchessopen.com Coulsdon (England)"]
[Round "7"]
[White "Barlow Bertrand (ENG)"]
[Black "Hegarty Sarah (ENG)"]
[Result "1-0"]
[WhiteElo "2088"]
[BlackElo "1905"]

1.d4 Nf6 2.c4 g6 3.Nc3 d5 4.Bf4 Bg7 5.e3 c6 6.Bd3 dxc4 7.Bxc4 Nbd7 8.e4 Nb6
9.Bb3 Nfd7 10.Nf3 c5 11.Bxf7+ Kxf7 12.Ng5+ Kg8 13.dxc5 e6 14.Nxe6 Bxc3+
15.bxc3 Qf6 16.Qb3 Nxc5 17.Nxc5+ Kf8 18.Be3 Qf7 19.O-O {#r} 1-0

[Event "It (open)"]
[Site "masterchessopen.com Fuerth (Germany)"]
[Round "9"]
[White "Meins Gerlef (GER)"]
[Black "Farago Ivan (HUN)"]
[Result "0-1"]
[WhiteElo "2436"]
[BlackElo "2483"]

1.d4 Nf6 2.c4 g6 3.Nc3 d5 4.Bf4 Bg7 5.e3 c5 6.dxc5 Qa5 7.Rc1 dxc4 8.Bxc4 Qxc5
9.Qb3 O-O 10.Nb5 Be6 11.Ne2 Bxc4 12.Rxc4 Qf5 13.O-O Nc6 14.Ned4 Nxd4 15.Nxd4
Qd5 16.Nb5 Rad8 17.Nxa7 Ne4 18.Rc7 Qxb3 19.axb3 e5 20.Bg3 f5 21.Bh4 g5 22.f3
gxh4 23.fxe4 Bh6 24.Rc3 fxe4 25.Rxf8+ Kxf8 26.Kf1 Rd1+ 27.Ke2 h3 28.gxh3 Rh1
29.Nb5 Rxh2+ 30.Kf1 Rxh3 31.Nd6 Rxe3 32.Nf5 Rxc3 33.bxc3 Bd2 34.c4 Bb4 35.Ke2
Bc5 36.Ng3 e3 37.Ne4 b6 38.Nf6 Kf7 39.Nxh7 Kg6 {#R} 0-1

[Event "It (open)"]
[Site "masterchessopen.com Hallstahammar (Sweden)"]
[Round "6"]
[White "Faldt Magnus (SWE)"]
[Black "Von Bahr Oskar (SWE)"]
[Result "0-1"]
[WhiteElo "2252"]
[BlackElo "2320"]

1.d4 Nf6 2.c4 g6 3.Nc3 d5 4.Bf4 Bg7 5.e3 c5 6.dxc5 Qa5 7.Qa4+ Qxa4 8.Nxa4 Bd7
9.Nc3 Ne4 10.Nxd5 Na6 11.f3 Nexc5 12.Rb1 e6 13.b4 exd5 14.bxc5 dxc4 15.Bd6 Rc8
16.Bxc4 Nxc5 17.Ne2 Rc6 18.Bg3 O-O 19.O-O Be6 20.Rfc1 Bxc4 21.Rxc4 Rfc8 22.Nd4
Ra6 23.Rxb7 Rxa2 24.Rxc5 Rxc5 25.Rb8+ Bf8 26.Rxf8+ Kg7 27.Nb3 Rd5 {#R} 0-1

[Event "Ch ICC (blitz) (final)"]
[Site "masterchessopen.com Internet"]
[Round "6"]
[White "Dreev Alexey (RUS)"]
[Black "Sutovsky Emil (ISR)"]
[Result "0-1"]
[WhiteElo "2690"]
[BlackElo "2651"]

1.d4 Nf6 2.c4 g6 3.Nc3 d5 4.Bf4 Bg7 5.e3 c5 6.dxc5 Qa5 7.Rc1 Ne4 8.cxd5 Nxc3
9.Qd2 Qxa2 10.Rxc3 O-O 11.Bc4 Qa5 12.Rc2 Qxc5 13.d6 Qf5 14.dxe7 Re8 15.Ne2 Nc6
16.Ng3 Qf6 17.Ne4 Qxe7 18.Nd6 Rd8 19.O-O Ne5 20.Rd1 Bg4 21.f3 Bxf3 22.Bxf7+
Nxf7 23.gxf3 Bf8 24.Qd5 Qf6 25.Rc7 Bxd6 26.Rxf7 Qxf7 27.Bxd6 Qxd5 28.Rxd5 Rac8
29.e4 Rc2 30.b4 Kf7 31.Rd1 Ke6 32.e5 Rdc8 33.Bc5 b6 34.Be3 Kxe5 35.Rd7 Re2
36.Bh6 Rcc2 37.Rxa7 Re1# 0-1

[Event "Ch ICC (blitz) (final)"]
[Site "masterchessopen.com Internet"]
[Round "6"]
[White "Dreev Alexey (RUS)"]
[Black "Sutovsky Emil (ISR)"]
[Result "0-1"]
[WhiteElo "2690"]
[BlackElo "2651"]

1.d4 Nf6 2.c4 g6 3.Nc3 d5 4.Bf4 Bg7 5.e3 c5 6.dxc5 Qa5 7.Rc1 dxc4 8.Bxc4 O-O
9.Ne2 Qxc5 10.Bb3 Nc6 11.O-O Qh5 12.Ng3 Qh4 13.Nge2 Rd8 14.Qe1 Nh5 15.Ba4 Nxf4
16.exf4 Nb4 17.Bb5 Bf5 18.Rd1 a6 19.Bc4 e6 20.Rxd8+ Rxd8 21.Qc1 b5 22.a3 bxc4
23.axb4 Qe7 24.b5 axb5 25.Nxb5 Bd3 26.Re1 Qb4 27.Nec3 Rb8 28.Rd1 Rxb5 29.Nxb5
Bxb2 30.Qd2 Qxb5 {#R} 0-1

[Event "Ch ICC (blitz) (final)"]
[Site "masterchessopen.com Internet"]
[Round "6"]
[White "Dreev Alexey (RUS)"]
[Black "Sutovsky Emil (ISR)"]
[Result "0-1"]
[WhiteElo "2690"]
[BlackElo "2651"]

1.d4 Nf6 2.c4 g6 3.Nc3 d5 4.Bf4 Bg7 5.e3 c5 6.dxc5 Qa5 7.Rc1 dxc4 8.Bxc4 O-O
9.Ne2 Qxc5 10.Bb3 Nc6 11.O-O Qh5 12.a3 Rd8 13.Qc2 e5 14.Bg3 Bf5 15.e4 Bd7
16.Rcd1 Rac8 17.f3 Qg5 18.Bf2 Nh5 19.Kh1 Nd4 20.Nxd4 exd4 21.Bxd4 Bb5 22.Bxf7+
Kxf7 23.Qb3+ Bc4 24.Qxb7+ Qe7 25.Qxe7+ Kxe7 26.Nd5+ Rxd5 27.exd5 Bxf1 28.Bxg7
Bxg2+ 29.Kxg2 Rc2+ 30.Kh3 Nxg7 31.d6+ Kd7 32.Rd4 Rxb2 33.Rh4 h5 34.Rc4 Kxd6
35.Ra4 Ne6 36.Ra6+ Ke5 37.Kg3 Rb7 38.h4 Rf7 39.Ra5+ Kd6 40.a4 Nc5 {#R} 0-1

[Event "It \"]
[Site "masterchessopen.com Las Vegas (USA)"]
[Round "2"]
[White "Golod Vitali (ISR)"]
[Black "Narayan Chethan (USA)"]
[Result "1-0"]
[WhiteElo "2532"]
[BlackElo "2214"]

1.d4 Nf6 2.c4 g6 3.Nc3 d5 4.Bf4 Bg7 5.e3 c5 6.dxc5 Qa5 7.Rc1 dxc4 8.Bxc4 O-O
9.Ne2 Qxc5 10.Qb3 e5 11.Bg5 Nc6 12.Bxf6 Bxf6 13.Nd5 Qa5+ 14.Nec3 Bg7 15.O-O
Qd8 16.Rfd1 Qh4 17.Be2 Kh8 18.g3 Qh6 19.Nc7 Rb8 20.Ne4 Bh3 21.Nd6 Nd8 22.Qa3
a6 23.Qb3 f5 24.Nxa6 Ra8 25.Nc7 Rb8 26.Ne6 Nxe6 27.Qxe6 f4 28.Nf7+ Rxf7
29.Qxf7 fxe3 30.f3 e4 31.f4 g5 32.Qc7 Rg8 33.Rd8 gxf4 34.Rxg8+ Kxg8 35.Bc4+
Be6 36.Qc8+ Kf7 37.Qd7+ {#r} 1-0

[Event "Ch Australia (reserves)"]
[Site "masterchessopen.com Melbourne (Australia)"]
[Round "9"]
[White "Wright Neil (AUS)"]
[Black "Beaumont David (AUS)"]
[Result "1-0"]
[WhiteElo "2156"]
[BlackElo "2069"]

1.d4 Nf6 2.c4 g6 3.Nc3 d5 4.Bf4 Bg7 5.e3 c5 6.dxc5 Qa5 7.Rc1 Ne4 8.cxd5 Nxc3
9.Qd2 Qxa2 10.bxc3 Qxd2+ 11.Kxd2 O-O 12.e4 Nd7 13.Be3 f5 14.exf5 Rxf5 15.c4
Ne5 16.h3 Rf6 17.Ne2 Ra6 18.Nc3 Bf5 19.g4 Bd7 20.Be2 Be8 21.Rb1 Ra3 22.Rxb7
Nxg4 23.Bxg4 Bxc3+ 24.Ke2 Ba4 25.c6 Ra2+ 26.Kf3 Rf8+ 27.Kg2 Bc2 28.Rxe7 h5
29.Bf3 Bb3 30.d6 Bxc4 31.c7 Bb4 32.d7 Bxe7 33.c8=Q Be6 34.Qc6 Rf6 35.Bd5 Kf7
36.Qxe6+ {#r} 1-0

[Event "Tournament \"]
[Site "masterchessopen.com New York (USA)"]
[Round "1"]
[White "Novikov Igor A (USA)"]
[Black "Shahade Jennifer (USA)"]
[Result "1-0"]
[WhiteElo "2598"]
[BlackElo "2330"]

1.d4 Nf6 2.c4 g6 3.Nc3 d5 4.Bf4 Bg7 5.e3 c5 6.dxc5 Qa5 7.Rc1 dxc4 8.Bxc4 Qxc5
9.Nb5 Qb4+ 10.Kf1 Na6 11.a3 Qa5 12.Bc7 {#r} 1-0

[Event "Ch Norway"]
[Site "masterchessopen.com Roros (Norway)"]
[Round "6"]
[White "Agdestein Simen (NOR)"]
[Black "Bae Torstein (NOR)"]
[Result "1-0"]
[WhiteElo "2578"]
[BlackElo "2349"]

1.d4 Nf6 2.c4 g6 3.Nc3 d5 4.Bf4 Bg7 5.e3 c5 6.dxc5 Qa5 7.Rc1 dxc4 8.Bxc4 O-O
9.Ne2 Qxc5 10.Qb3 Qh5 11.Nb5 Na6 12.O-O g5 13.Bg3 Ne4 14.Rfd1 Nec5 15.Qa3 Be6
16.f3 Qg6 17.Bxe6 Nxe6 18.Nec3 Rfe8 19.Nd5 Bf8 20.b4 Red8 21.Qb3 Ng7 22.Be5 g4
23.Nd4 Rac8 24.Rxc8 Rxc8 25.fxg4 Qxg4 26.Rf1 Ne6 27.Nf5 {#r} 1-0

[Event "It (open)"]
[Site "masterchessopen.com Sautron (France)"]
[Round "1"]
[White "Geffroy Laurent (FRA)"]
[Black "Serralta Michel (FRA)"]
[Result "1-0"]
[WhiteElo "2251"]
[BlackElo "2049"]

1.d4 Nf6 2.c4 g6 3.Nc3 d5 4.Bf4 Bg7 5.e3 c5 6.dxc5 Qa5 7.Rc1 Ne4 8.cxd5 Nxc3
9.Qd2 Qxa2 10.bxc3 Qa5 11.Nf3 Qxc5 12.e4 Nd7 13.e5 O-O 14.Be2 Nb6 15.c4 Bg4
16.O-O Nd7 17.e6 fxe6 18.Ng5 Rxf4 19.Qxf4 Bf5 20.dxe6 Nf8 21.Bf3 {#r} 1-0

[Event "It (cat.12)"]
[Site "masterchessopen.com Selfoss (Iceland)"]
[Round "4"]
[White "Tregubov Pavel V (RUS)"]
[Black "Oral Tomas (CZE)"]
[Result "1-0"]
[WhiteElo "2612"]
[BlackElo "2550"]

1.d4 Nf6 2.c4 g6 3.Nc3 d5 4.Bf4 Bg7 5.e3 c5 6.dxc5 Qa5 7.Rc1 dxc4 8.Bxc4 O-O
9.Ne2 Qxc5 10.Qb3 Nc6 11.Nb5 Qh5 12.Ng3 Qh4 13.Nc7 g5 14.Bxg5 Qxg5 15.Nxa8 Bd7
16.Qxb7 Rb8 17.Qc7 Rxa8 18.Ba6 Qg4 19.O-O Nd5 20.Qb7 Rb8 21.h3 Rxb7 22.hxg4
Rxb2 23.Rfd1 e6 24.e4 Nb6 25.Nh5 h6 26.Nxg7 Kxg7 27.a4 Na5 28.Rc7 Bxa4 29.Rd6
Bb5 30.Bxb5 Rxb5 31.Rxe6 Nac4 32.Ree7 Ne5 33.f4 Ned7 34.e5 a5 35.Rexd7 Nxd7
36.Rxd7 Rb4 37.g3 Kf8 38.Ra7 Ra4 39.Kg2 Ra3 40.Ra8+ Ke7 41.Ra6 Ra1 42.Kf3 {#r}
1-0

[Event "Ch Sweden (team) 2001/02"]
[Site "masterchessopen.com Sweden"]
[Round "11"]
[White "Hedman Erik (SWE)"]
[Black "Hellers Ferdinand (SWE)"]
[Result "1-0"]
[WhiteElo "2336"]
[BlackElo "2605"]

1.d4 Nf6 2.c4 g6 3.Nc3 d5 4.Bf4 Bg7 5.e3 c5 6.dxc5 Qa5 7.Qa4+ Qxa4 8.Nxa4 Ne4
9.f3 Bd7 10.fxe4 Bxa4 11.cxd5 Bxb2 12.Rb1 Bc3+ 13.Kf2 Nd7 14.Rc1 Nxc5 15.Kf3
Bb4 16.Rc4 Bb5 17.Rxb4 Bxf1 18.Ne2 Bxe2+ 19.Kxe2 Kd7 20.e5 g5 21.Bg3 h6 22.Rf1
Rhf8 23.e4 b6 24.Bf2 Rac8 25.Rc4 Nb7 26.Rfc1 Rxc4 27.Rxc4 Na5 28.Rc3 h5 29.Be1
Nb7 30.Rf3 Nc5 31.Ke3 Ke8 32.Bb4 Rg8 33.Kd4 Na6 34.Bd2 h4 35.Rc3 Nc5 36.Ra3 a6
37.Bb4 Kd7 38.Bxc5 bxc5+ 39.Kc4 Ra8 40.Rb3 Kc7 41.Rf3 {#r} 1-0

[Event "It (cat.4)"]
[Site "masterchessopen.com Tel Aviv (Israel)"]
[Round "9"]
[White "Porat Shi (ISR)"]
[Black "Kaplivatski Alexander (ISR)"]
[Result "1-0"]
[WhiteElo "2315"]
[BlackElo "2239"]

1.d4 Nf6 2.c4 g6 3.Nc3 d5 4.Bf4 Bg7 5.e3 c5 6.Nf3 cxd4 7.Nxd4 O-O 8.Ndb5 Qa5
9.a3 Ne4 10.b4 Nxc3 11.bxa5 Nxd1 12.Rxd1 dxc4 13.Nc7 Bc3+ 14.Ke2 Bxa5 15.Nxa8
Na6 16.Kf3 Be6 17.Rc1 Rc8 18.Nc7 Nxc7 19.Bxc4 Nd5 20.Be5 Bd2 21.Rcd1 Rxc4
22.Rxd2 f5 23.Rb1 b6 24.Rb5 Rh4 25.Bf4 Nc3 26.Re5 Kf7 27.Rd3 Ne4 28.Rd4 g5
29.Bg3 Rh6 30.Ke2 Kf6 31.f4 Nxg3+ 32.hxg3 Rh2 33.Kf2 Rh1 34.Rd8 g4 35.Rf8+ Kg7
36.Ra8 Bc4 37.e4 e6 38.exf5 exf5 39.Rxa7+ Kf6 40.Rb7 Rf1+ 41.Ke3 Rb1 42.Rxh7
Rb3+ 43.Kd4 Bf1 44.Re3 Rb2 45.Rh6+ Kg7 46.Rc6 Bxg2 47.Rc7+ Kf8 {#r} 1-0